|
|
|
|
| LEADER |
01464nam a2200337 a 4500 |
| 001 |
16396999 |
| 008 |
130312s2010 dcua b 000 0 eng d |
| 010 |
|
|
|a 2010281805
|
| 020 |
|
|
|a 9780821383957 (pbk.)
|
| 020 |
|
|
|a 9780821384220
|
| 020 |
|
|
|a 0821383957 (pbk.)
|
| 022 |
|
|
|a 1726-5878
|
| 040 |
|
|
|a CDX
|c CDX
|d OCL
|d OCLCQ
|d YDXCP
|d FQG
|d DLC
|d BD-DhAAL
|
| 082 |
0 |
0 |
|a 338.9
|2 23
|
| 100 |
1 |
|
|a Andrews, Matt.
|
| 245 |
1 |
0 |
|a Development as leadership-led change :
|b a report for the Global Leadership Initiative /
|c Matt Andrews, Jesse McConnell, Alison Wescott ; [foreword, J. Edgardo Campos].
|
| 260 |
|
|
|a Washington, D.C. :
|b The World Bank,
|c 2010.
|
| 300 |
|
|
|a vii, 75 p. :
|b ill. ;
|c 25 cm.
|
| 490 |
1 |
|
|a World Bank study
|
| 504 |
|
|
|a Includes bibliographical (p. 68-75) references.
|
| 541 |
1 |
|
|e 00026577
|
| 650 |
|
0 |
|a Leadership
|z Developing countries.
|
| 650 |
|
0 |
|a Organizational change
|z Developing countries.
|
| 700 |
1 |
|
|a McConnell, Jesse.
|
| 700 |
1 |
|
|a Wescott, Alison.
|
| 710 |
2 |
|
|a World Bank.
|
| 830 |
|
0 |
|a World Bank study.
|
| 852 |
1 |
|
|a Ayesha Abed Library
|j General Shelf.
|
| 999 |
|
|
|c 13229
|d 13229
|
| 952 |
|
|
|0 0
|1 0
|2 ddc
|4 0
|6 338_900000000000000_AND
|7 0
|9 22009
|a IGS
|b IGS
|c GEN
|d 2013-03-12
|e Karim International
|g 1706.00
|l 0
|o 338.9 AND
|p 3010026577
|r 2013-03-12
|t 1
|w 2013-03-12
|y BK
|
| 952 |
|
|
|0 0
|1 0
|2 ddc
|4 0
|6 338_900000000000000_AND
|7 0
|9 22010
|a IGS
|b IGS
|c GEN
|d 2013-03-12
|e Karim International
|g 1706.00
|l 0
|o 338.9 AND
|p 3010026578
|r 2013-03-12
|t 1
|w 2013-03-12
|y BK
|